Come wind, come weather {ch} : (Record no. 27535)
[ view plain ]
| 000 -LEADER | |
|---|---|
| fixed length control field | 00570nam a2200145 4500 |
| 008 - FIXED-LENGTH DATA ELEMENTS--GENERAL INFORMATION | |
| fixed length control field | 060831s1962 ch chi |
| 090 ## - LOCALLY ASSIGNED LC-TYPE CALL NUMBER (OCLC); LOCAL CALL NUMBER (OCLC) | |
| Classification number (OCLC) (R) ; Classification number, CALL (RLIN) (NR) | BR1285 |
| Local cutter number (OCLC) ; Book number/undivided call number, CALL (RLIN) | L96c |
| 100 1# - MAIN ENTRY--PERSONAL NAME | |
| Personal name | Lyall, Leslie T. |
| 245 10 - TITLE STATEMENT | |
| Title | Come wind, come weather {ch} : |
| Remainder of title | the present experience of the church in China / |
| Statement of responsibility, etc | Leslie T. Lyall, translated by Thomas T. H. Wang. |
| 260 ## - PUBLICATION, DISTRIBUTION, ETC. (IMPRINT) | |
| Place of publication, distribution, etc | Taiwan : |
| Name of publisher, distributor, etc | Chinese Christian Mission, |
| Date of publication, distribution, etc | 1962. |
| 300 ## - PHYSICAL DESCRIPTION | |
| Extent | 3, 64, 4 p. |
| 651 #4 - SUBJECT ADDED ENTRY--GEOGRAPHIC NAME | |
| Geographic name | China |
| General subdivision | Church history {ch}. |
| 951 ## - EQUIVALENCE OR CROSS-REFERENCE-GEOGRAPHIC NAME/AREA NAME [OBSOLETE] [CAN/MARC only] | |
| General subdivision | 00033594 |
| 700 1# - ADDED ENTRY--PERSONAL NAME | |
| Personal name | Wang, Thomas T. H. |
| 951 ## - EQUIVALENCE OR CROSS-REFERENCE-GEOGRAPHIC NAME/AREA NAME [OBSOLETE] [CAN/MARC only] | |
| -- | C-7894 |
| -- | BR1285/L96c-2 |
| -- | 070613111610156 |
| -- | 2000-12-21 |
| -- | SP-C CH |
| Withdrawn status | Lost status | Damaged status | Not for loan | Home library | Current library | Shelving location | Date acquired | Accession number | Shelving control number | Total Checkouts | Full call number | Barcode | Date last seen | Price effective from | Koha item type |
|---|---|---|---|---|---|---|---|---|---|---|---|---|---|---|---|
| BSOP Library | BSOP Library | Special Collections Chinese | 12/21/2000 | C-7894 | 127 | BR1285/L96c-2 | 00033594 | 02/23/2013 | 02/23/2013 | Books |
